000 00876cam a2200277 a 4500
003 CHAP
005 20220329142142.0
008 000118 1993 us r 00010 eng d
010 _a79262
011 _a80234
035 _a90683
040 _cCHAP
090 _aR-3653
100 0 0 _aBadiane, Ousmane.
_99354
245 4 _aThe common agricultural policy and african countries
_c/por Ousmane Badiane
500 _aSobretiro de: The New phase, ed by I. William Zartman, 1993. p.75-94
590 _aBATCH-UPD
_b10
_c20130110
_lUCH01
_h1232
590 _aBATCH-UPD
_b10
_c20130410
_lUCH01
_h0802
590 _aBATCH-UPD
_b10
_c20130914
_lUCH01
_h1929
590 _aCONVERSION
_b10
_c20130109
_lUCH01
_h1344
650 1 4 _aPolítica agrícola
_xAfrica.
_990284
901 _aBK
905 _aBlanca M. García O.
942 _cREIMP
949 _aR-3653
_bBC
_cR
_d906831
_eTS1
_i90683
_sb
999 _c79262
_d79262